LEADER 01521nam a2200325 a 4500 001 000000169988 003 CaOOAMICUS 005 20181017091058.0 008 181017s2017 it u000 u ita r 020 $a978-88-13-36746-6* 032 $aLibriCat 040 $aPUL$bita 082 04$a347.014 100 1 $aPolizzi, Giuseppe Eduardo.$0(OLS)http://pul/name/109389 245 13$aIl magistrato al Parlamento /$cGiuseppe Eduardo Polizzi. 260 $aPadova :$bCEDAM,$c2017$aMilanofiori Assago :$bWolters Kluwer 300 $aXXI, 244 p. ;$c24 cm. 490 1 $aPubblicazioni della Università di Pavia. Studi nelle scienze giuridiche e sociali. Nuova serie ;$v160 504 $aBibliografia in nota. 650 4$aMagistratura e politica$zItalia.$0(OLS)http://pul/subject/38958 830 0$aPubblicazioni della Università di Pavia.$pStudi nelle scienze giuridiche e sociali.$pNuova serie ;$v160.$0(OLS)http://pul/title/27546 850 $aPUL 852 $aPUL$W1$xSL Diritto e Scienze Sociali 3$y79$m347. 014 POLGI 1$j192903$qDDC 21$B198172$CPULBib$Z2$F198172 $H131382 $81 941 1 $a9 996 $6020$a978-88-13-36746-6*$9(OLS)http://pul/number/164954 996 $6082$a347.014$9(OLS)http://pul/classification/3157 996 $6245$aIl magistrato al Parlamento$9(OLS)http://pul/title/210669 996 $6260$aPadova :$bCEDAM$9(OLS)http://pul/publisher/48126 996 $6260$aMilanofiori Assago :$bWolters Kluwer$9(OLS)http://pul/publisher/81463 LEADER 01337nam a2200289 u 4500 001 000000046982 003 CaOOAMICUS 005 20070226114832.0 008 990723s1736 it u000 u ita u 035 $a10830767 040 $aPUL(R)$bita 041 1 $aita$hfre 100 0 $aFranciscus Salesius,$cs.,$d1567-1622.$0(OLS)http://pul/name/21121 245 10$aCostituzioni e istruzioni sinodali /$cdi S. Francesco di Sales ... ; poste in ordine ed accresciute da monsignor Giovanni D'Aranton D'Alex .. 260 $aIn Venezia :$bappresso Francesco Pitteri,$c1736. 300 $aviii, 96 p. ;$c24 cm 500 $aContiene indici. 500 $aFrontespizio inciso. 504 $aBibliografia in nota. 650 4$aConcili e sinodi.$0(OLS)http://pul/subject/1553 850 $aPUL 852 $aPUL$W1$xDP1 Antico 700$y26$m29 G 22$j62856$nBK-PRI$b $qStampati Antico$B62856$CPULBib$Z2$F62856 $H $81 852 $aPUL$W1$xDP1 Antico 700$y26$m29 G 28$j62857$nBK-PRI$b $qStampati Antico$B62857$CPULBib$Z2$F62857 $H $81 900 $aFrancesco di Sales,$cs.$d1567-1622$921121 941 1 $a15 996 $6245$aCostituzioni e istruzioni sinodali$9(OLS)http://pul/title/63235 996 $6260$aIn Venezia :$bappresso Francesco Pitteri$9(OLS)http://pul/publisher/66746